000 00527nam a2200181Ia 4500
005 20250326141913.0
008 250326s9999 xx 000 0 und d
037 _aTextbook
040 _aFMSL
_beng
_cFMSL
041 _aeng
_2eng
084 _qFMSL
100 _aVietor Richard H K
_9506596
245 0 _aStrategic management in the Regulatory environment cases and Industry notes
_cVietor Richard H K
260 _aCanada
_bCanada, Prentice Hall
_c1989
300 _a455p
942 _cTB
999 _c1292531
_d1292531